Escritos sobre el movimiento del 68 /

Gespeichert in:
Bibliographische Detailangaben
1. Verfasser: Valle Espinosa, Eduardo (autor)
Format: Buch
Sprache:Spanisch
Veröffentlicht: Culiacán, México : Universidad Autónoma de Sinaloa, 1984, c1984
Tags: Tag hinzufügen
Keine Tags, Fügen Sie das erste Tag hinzu!

MARC

LEADER 00000nam^a2200000^a^4500
001 000595323
005 20250521000000.0
009 20260310133044.036
020 |a 968-59-0049-3 
037 |a Acervo ITESO - Biblioteca 
041 |a ESP 
091 |a FCR. 01969 
100 |a Valle Espinosa, Eduardo  |e (autor) 
245 1 0 |a Escritos sobre el movimiento del 68 / 
264 4 |a Culiacán, México :  |b Universidad Autónoma de Sinaloa,  |c 1984, c1984 
300 |a 138 p. 
336 |a texto  |b txt  |2 rdacontenido 
337 |a sin mediación  |b n  |2 rdamedio 
338 |a volumen  |b nc  |2 rdasoporte 
649 |a XX 
910 |a Fondo Cristina Romo Gil 
920 |a Impresos - Libros 
930 |a Fondos Especiales 
905 |a 143 
901 |a 595323-10  |b IT2  |c ESP  |i D122069  |u 20250521 
902 |a https://opac.biblio.iteso.mx/vufind/Record/000595323